|
|
|
|
| LEADER |
00000nam2a2200000 4500 |
| 001 |
104440 |
| 005 |
20231031114015.0 |
| 010 |
|
|
|a 5871060560
|
| 035 |
|
|
|a (RuTPU)RU\TPU\book\112600
|
| 035 |
|
|
|a RU\TPU\book\112015
|
| 090 |
|
|
|a 104440
|
| 100 |
|
|
|a 20061102d1993 m y0rusy50 ca
|
| 101 |
1 |
|
|a rus
|c pol
|
| 102 |
|
|
|a RU
|
| 105 |
|
|
|a y z 000ay
|
| 200 |
0 |
|
|a Т. 3: Непобедимый
|e роман, рассказы
|
| 210 |
|
|
|d 1993
|
| 215 |
|
|
|a 415 с.
|
| 461 |
|
1 |
|0 (RuTPU)RU\TPU\book\112014
|t Собрание сочинений
|o в 10 т: пер. с пол.
|f С. Лем
|v Т. 3: Непобедимый. Рассказы
|d 1992-
|
| 610 |
1 |
|
|a польская литература
|
| 610 |
1 |
|
|a романы
|
| 610 |
1 |
|
|a фантастика
|
| 610 |
1 |
|
|a приключения
|
| 675 |
|
|
|a 884
|v 3
|
| 801 |
|
0 |
|a RU
|b 63413507
|c 20011209
|g PSBO
|
| 801 |
|
2 |
|a RU
|b 63413507
|c 20170315
|g PSBO
|
| 942 |
|
|
|c BK
|